| 000 | 00856cam a2200265 a 4500 | ||
|---|---|---|---|
| 001 | 201 | ||
| 003 | BR-CuiBMT | ||
| 005 | 20231113190818.0 | ||
| 008 | 230829s2021 mgb 000 0 por d | ||
| 020 | _a9788545002000 | ||
| 040 |
_aBR-CuiBMT _cBR-CuiBMT |
||
| 080 |
_22007 _a35.081 |
||
| 090 |
_a35.081 _bA659d _c4. ed. |
||
| 100 | 1 |
_aAragão, Alexandre Santos de, _d1969- |
|
| 245 | 1 | 0 |
_aDireito dos serviços públicos / _cAlexandre Santos de Aragão. |
| 250 | _a4. ed., rev. e atual. | ||
| 260 |
_aBelo Horizonte : _bFórum, _cc2017. |
||
| 300 |
_a619 p. ; _c24 cm |
||
| 504 | _aInclui bibliografia. | ||
| 590 | _aA Biblioteca possui a 1. reimpr. 2021. | ||
| 650 |
_aServiços públicos _xAspectos jurídicos _zBrasil |
||
| 650 |
_aServiço público _xJurisprudência _zBrasil |
||
| 650 |
_aConcessão de serviços públicos _zBrasil |
||
| 942 |
_2udc _cLV |
||
| 999 |
_c201 _d201 |
||